Psychohygiena - súčasť prípravy budúcich ekonómov?

Dôvody záujmu o psychohygienu. Psychológia a psychohygiena v príprave ekonómov.

Guardado en:
Detalles Bibliográficos
Autor principal: Chmelárová, Zuzana, 1967-
Formato: Capítulo de libro
Lenguaje:eslovaco
Materias:
Etiquetas: Agregar Etiqueta
Sin Etiquetas, Sea el primero en etiquetar este registro!

MARC

LEADER 00000naa$a2200000$$$4500
001 0180862
005 20240530085947.4
041 0 |a slo 
044 |a CZ 
245 1 0 |a Psychohygiena - súčasť prípravy budúcich ekonómov?  |c Zuzana Chmelárová 
520 |a Dôvody záujmu o psychohygienu. Psychológia a psychohygiena v príprave ekonómov. 
610 2 0 |a vzdelávanie 
610 2 0 |a ekonómia 
610 2 0 |a študenti 
610 2 0 |a psychológia 
610 2 0 |a hygiena 
610 2 0 |a starostlivosť o zdravie 
100 1 |a Chmelárová, Zuzana, 1967-